000 00961nam a2200241 a 4500
001 83550
003 BD-RjUL
005 20240421124421.0
008 240421s2011 bg a|||| m||| 00| 0 eng d
035 _a(BD-RjUL)83550
040 _aBD-RjUL
_beng
_cBD-RjUL
_dBD-RjUL
041 _aeng
082 _223
_a546.6
_bJEA 2011
100 _aJesmin, Mele
_911881
245 1 0 _aAntineoplastic and Antimicrobial Activities of some Schiff Bases and Schiff Base Complexes /
_cBY Mele Jesmin ;
_6Supervisor : Shaikh M. Mohsin Ali
260 _aRajshahi :
_bDepartment of Applied Chemistry, and Chemical Engineering, University of Rajshahi,
_c2011
300 _a[15],149 Leaves :
_bill, ;
_c29 cm.
502 _aThesis (Ph. D.) -- Department of Applied Chemistry, and Chemical Engineering, University of Rajshahi, 2011
504 _aReferences : Leaves 147-148
650 _aInorganic Chemistry
700 _aAli, Shaikh M. Mohsin, Supervisor
_912642
942 _2ddc
_cTHE
999 _c83550
_d83550